The planning, design and construction of urban public transportation

Bibliographic Details
Corporate Author: Technology transfer Institute
Format: Book
Published: Singapore : Maruzen Asia , 1983
Subjects:

MARC

LEADER 00000cam a2200000 7i4500
001 0000002653
005 20060706.0
040 |a INS 
090 0 0 |a TF845.   |b P58 1983 
245 1 4 |a The planning, design and construction of urban public transportation   |c Technology Transfer Institute 
260 |a Singapore :   |b Maruzen Asia ,   |c 1983 
300 |a 500p. ;   |c 24 cm. 
650 0 0 |a Transportation   |z Singapore   |x Planning 
710 1 2 |a Technology transfer Institute 
999 |a 0000000961   |b BOOK   |c Open Shelf   |e Default branch